| 000 | 00382nam a2200145 a 4500 | ||
|---|---|---|---|
| 005 | 20140310183143.0 | ||
| 008 | 020820s19uu xx 00 eng d | ||
| 050 |
_aGV 837.65 _b.C66 1999 |
||
| 100 | _aColwin, Cecil | ||
| 245 |
_aSwimming dynamics / _cCecil Colwin. |
||
| 300 |
_a370 p. : _bill. ; _c27 cm. |
||
| 650 |
_aSwimming _xcoaching |
||
| 942 |
_cBK _2lcc _kFOR |
||
| 999 |
_c19468 _d19468 |
||